| 000 | 02096nam a2200445 a 4500 | ||
|---|---|---|---|
| 001 | 190615 | ||
| 003 | BLK | ||
| 005 | 20250119004132.0 | ||
| 008 | 180411b bul|||||r ||||||| ||bul|| | ||
| 010 | _aKNG00199765000 | ||
| 020 | _a954-8043-07-6 | ||
| 040 | _aBLK | ||
| 041 |
_aBUL _cBUL |
||
| 080 |
_aНационалнореволюционно движение през 70-те години _b94(497.2)"187..." _x(092)(093.3) _z94(497.2)"187..."(092)(093.3) |
||
| 080 |
_aВъзстановяване и развитие на България след Освобождението (1878-1900) _b94(497.2)"1878/1900" _x(092)(093.3) _z94(497.2)"1878/1900"(092)(093.3) |
||
| 080 |
_aБългарски политик, държавник, революционер, поет и журналист _b929 Стамболов, Стефан Николов _z929 Стамболов, Стефан Николов |
||
| 100 |
_aСтателова, Елена Боянова _9246747 |
||
| 139 |
_aСтателова, Елена Боянова и др. _bС 65 |
||
| 245 | 1 | 0 |
_aСтефан Стамболов и неговото време _bНепубл. спомени _cЕлена Боянова Стателова; съавт. Радослав Попов. |
| 257 | _aBGR | ||
| 260 |
_aСофия _bДетелина 6 _c1993 |
||
| 300 |
_a344 с. _c20 см |
||
| 380 | _a9 | ||
| 500 | _aИменен показалец. | ||
| 650 | 0 |
_aБългария - история, нова - спомени _9243137 |
|
| 650 | 4 |
_aПолитици, български - спомени _9247072 |
|
| 653 | _aБългария | ||
| 653 | _aистория | ||
| 653 | _aполитици | ||
| 653 | _aСтефан Стамболов | ||
| 700 | 1 |
_aПопов, Радослав _eсъавт. _9381737 |
|
| 852 |
_aЦб 172465 _bЦб |
||
| 856 | 4 |
_qpdf _i0.00 _ldisable |
|
| 856 | 4 |
_qpdf _i0.00 _ldisable |
|
| 942 |
_cKNG _n0 _s1 |
||
| 944 |
_aCR _c03.02.2017 _k _lCRON CRON |
||
| 944 |
_aED _c14.03.2018 _kСимона_Петрова |
||
| 999 |
_c190615 _d190615 |
||
| 999 | _d190615 | ||
| 999 | _d190615 | ||